000
00291nam a22000977a 4500
005
20250901165248.0
008
210301b ||||| |||| 00| 0 eng d
050
_a
QR41.2 .N47
245
_a
Microbiology
_b
a human perspective
_c
NESTER, EUGENE W.
942
_2
lcc
_h
QR41.2 .N47 1995
999
_c
1178
_d
1178